LEADER 01361oam 2200433 450 001 9910715285303321 005 20210309090949.0 035 $a(CKB)5470000002509168 035 $a(OCoLC)1230154620$z(OCoLC)1237212938 035 $a(EXLCZ)995470000002509168 100 $a20210111d1988 ua 0 101 0 $aeng 135 $aur||||||||||| 181 $ctxt$2rdacontent 182 $cc$2rdamedia 183 $acr$2rdacarrier 200 00$aSteam generator tube rupture analysis deficiency 210 1$aWashington, D.C. :$cUnited States. Nuclear Regulatory Commission, Office of Nuclear Reactor Regulation,$d1988. 215 $a1 online resource 225 1 $aInformation notice ;$vno. 88-31 300 $a"May 25, 1988." 606 $aSteam-boilers$xFailures 606 $aTubes$xDefects 606 $aSteam-boilers$xFailures$2fast 606 $aTubes$xDefects$2fast 615 0$aSteam-boilers$xFailures. 615 0$aTubes$xDefects. 615 7$aSteam-boilers$xFailures. 615 7$aTubes$xDefects. 712 02$aU.S. Nuclear Regulatory Commission.$bOffice of Nuclear Reactor Regulation, 801 0$bGPO 801 1$bGPO 801 2$bOCLCO 801 2$bOCLCF 801 2$bGPO 906 $aBOOK 912 $a9910715285303321 996 $aSteam generator tube rupture analysis deficiency$93290247 997 $aUNINA LEADER 02105nam 2200613Ia 450 001 9910963949803321 005 20251117100245.0 010 $a1-135-30479-3 010 $a1-135-30480-7 010 $a0-203-98544-3 010 $a1-280-14959-0 024 7 $a10.4324/9780203985441 035 $a(CKB)2670000000337937 035 $a(EBL)238704 035 $a(OCoLC)475949071 035 $a(MiAaPQ)EBC238704 035 $a(Au-PeEL)EBL238704 035 $a(CaPaEBR)ebr10099092 035 $a(CaONFJC)MIL14959 035 $a(OCoLC)437152656 035 $a(OCoLC)252985324 035 $a(EXLCZ)992670000000337937 100 $a19980810d1998 uy 0 101 0 $aeng 135 $aur|n|---||||| 181 $2rdacontent 182 $2rdamedia 183 $2rdacarrier 200 14$aThe masquerades of Nigeria ; and, Touch /$fwritten and illustrated by David Griffiths 205 $a1st ed. 210 $aAustralia $cHarwood Academic Publishers$dc1998 215 $a1 online resource (90 p.) 225 0 $aMask: a release of acting resources ;$vv. 4 300 $aIncludes index. 311 08$a3-7186-5720-1 311 08$a3-7186-5719-8 327 $aBOOK COVER; HALF-TITLE; TITLE; COPYRIGHT; DEDICATION; CONTENTS; INTRODUCTION TO THE SERIES; ACKNOWLEDGEMENTS; LIST OF ILLUSTRATIONS; INTRODUCTION; THE TOUCH TRILOGY; TOUCH 330 $aThis work investigates the use of mask in the Masquerade traditions of West Africa, specifically Nigeria. The author argues in favour of a common language of mask performance and focuses on the work of Wole Soyinka. Also presented is the author's trilogy of plays, ""Touch"". 517 1 $aMasquerades of Nigeria 517 1 $aTouch 606 $aMasquerades$zNigeria 606 $aMasks 615 0$aMasquerades 615 0$aMasks. 676 $a792.09669 676 $a822/.914 700 $aGriffiths$b David$061334 801 0$bMiAaPQ 801 1$bMiAaPQ 801 2$bMiAaPQ 906 $aBOOK 912 $a9910963949803321 996 $aThe masquerades of Nigeria ; and, Touch$94488823 997 $aUNINA